| 000 | 00520nam a2200205Ia 4500 | ||
|---|---|---|---|
| 008 | 160319s9999 xx 000 0 und d | ||
| 020 | _a971-93014-6-5 | ||
| 050 | _aFIL QA 551 | ||
| 050 | _b.P36 2002 c.2 | ||
| 100 | _aPanopio, Felix M. | ||
| 245 | _aSimplified analytic geometry / | ||
| 245 | _cFelix M. Panopio. | ||
| 260 | _aBatangas City: | ||
| 260 | _bFeliber Pub. House., | ||
| 260 | _c2002 | ||
| 300 | _a258 pages : | ||
| 300 | _billustrations ; | ||
| 300 | _c25 cm. | ||
| 650 | _aGeometry, Analytic. | ||
| 999 |
_c291850 _d291850 |
||